000 00437pam a2200157 a 4500
020 _a0824718356
082 0 0 _a624.1/5
_bKAR
_cd
100 1 _aKarol, R. H.
_942749
245 1 0 _aChemical grouting /
_cReuben H. Karol.
260 _aNew York :
_bM. Dekker,
_cc1983.
300 _ax, 327 p. :
_bill. ;
_c24 cm.
526 _a0
_b0
_c0
_d624_150000000000000_KAR
650 0 _aChemicals.
_942750
650 0 _aGrouting.
_923495
942 _2ddc
_cBK
999 _c546596
_d546596